[Event "Aeroflot Open"]
[Site "Moscow RUS"]
[Date "2002.02.09"]
[Round "7"]
[White "Vlassov,N"]
[Black "Shariyazdanov,A"]
[Result "1-0"]
[WhiteElo "2454"]
[BlackElo "2532"]
[EventDate "2002.02.04"]

1. e4 c5 2. c3 e6 3. d4 d5 4. e5 Nc6 5. Nf3 Bd7 6. a3 c4 7. b4 cxb3 8. Qxb3
Na5 9. Qc2 Ne7 10. Bd3 Nf5 11. Nbd2 Rc8 12. Nf1 Qc7 13. Bd2 Nc4 14. a4 Nxd2
15. Kxd2 Qa5 16. Rb1 Bxa4 17. Qxa4+ Qxa4 18. Bb5+ Qxb5 19. Rxb5 b6 20. g4
Ne7 21. Ng3 Nc6 22. Nh5 Rg8 23. Kd3 Be7 24. g5 Kd7 25. h4 Rcf8 26. Nd2 f6
27. f4 fxe5 28. dxe5 Rf5 29. c4 g6 30. Nf6+ Bxf6 31. exf6 dxc4+ 32. Kxc4
Rxf4+ 33. Kd3 e5 34. Re1 Rc8 35. Nc4 Ke6 36. Ke3 Rf5 37. Nd2 h6 38. Rb2
hxg5 39. hxg5 Rxg5 40. Rc2 Kd7 41. Ne4 Rf5 42. Rh1 Ke6 43. Rh7 Rxf6 44.
Nxf6 Kxf6 45. Rb7 Ke6 46. Rg7 Kf6 47. Rb7 g5 48. Ke4 g4 49. Rh2 g3 50. Rh6+
Kg5 51. Rd6 Nd4 52. Rg7+ Kh5 53. Kxe5 Nf3+ 54. Kf4 Rf8+ 55. Kxg3 Rf5 56.
Rh7+ Kg5 57. Rxa7 b5 58. Rb7 Ne1 59. Rg7+ Kh5 60. Rd8 Rf3+ 61. Kh2 Kh6 62.
Rg1 Rf2+ 63. Kg3 Re2 64. Kf4 Kh7 65. Rd1 Nc2 66. Rg5 Rf2+ 67. Ke4 Rh2 68.
Rd7+ Kh6 69. Rxb5 Rh4+ 70. Kd3 Ne1+ 71. Ke2 Ng2 72. Rd6+ 1-0

[Event "Aeroflot Open"]
[Site "Moscow RUS"]
[Date "2002.02.09"]
[Round "7"]
[White "Poluljahov,A"]
[Black "Bartel,Mat"]
[Result "1-0"]
[WhiteElo "2527"]
[BlackElo "2413"]
[EventDate "2002.02.04"]

1. d4 g6 2. e4 c6 3. c3 Bg7 4. Nd2 d5 5. Bd3 dxe4 6. Nxe4 Nd7 7. Nf3 Ngf6
8. Nxf6+ Nxf6 9. h3 O-O 10. O-O Qc7 11. Re1 b6 12. Qe2 Nd5 13. c4 Nb4 14.
Be4 Bb7 15. a3 Na6 16. b4 Rad8 17. Bb2 e6 18. Rad1 Nb8 19. c5 Nd7 20. Bb1
Nf6 21. Ne5 Nd5 22. Qc2 a5 23. cxb6 Nxb6 24. b5 Rc8 25. Rc1 Nd7 26. Nxc6
Qd6 27. d5 e5 28. Qd2 Nc5 29. Qe3 Nd7 30. a4 1-0

[Event "Aeroflot Open"]
[Site "Moscow RUS"]
[Date "2002.02.09"]
[Round "7"]
[White "Iskusnyh,S"]
[Black "Magomedov,M"]
[Result "0-1"]
[WhiteElo "2514"]
[BlackElo "2596"]
[EventDate "2002.02.04"]

1. d4 d5 2. c4 c6 3. Nf3 Nf6 4. Nc3 a6 5. cxd5 cxd5 6. Bg5 Nc6 7. e3 e6 8.
Bd3 Be7 9. O-O O-O 10. Rc1 Bd7 11. Ne5 Rc8 12. f4 g6 13. Bh6 Re8 14. Qf3 b5
15. a3 Na5 16. Qg3 Nh5 17. Qh3 Nc4 18. g4 Nf6 19. g5 Nh5 20. Bxc4 dxc4 21.
Rcd1 Bd6 22. Ne4 Bc6 23. Ng3 Nxg3 24. hxg3 Be4 0-1

[Event "Aeroflot Open"]
[Site "Moscow RUS"]
[Date "2002.02.09"]
[Round "7"]
[White "Kosyrev,V"]
[Black "Meister,Y"]
[Result "0-1"]
[WhiteElo "2565"]
[BlackElo "2494"]
[EventDate "2002.02.04"]

1. d4 d5 2. c4 e6 3. Nc3 Bb4 4. Nf3 dxc4 5. e3 b5 6. a4 c6 7. Bd2 a5 8.
axb5 Bxc3 9. Bxc3 cxb5 10. b3 Bb7 11. bxc4 b4 12. Bb2 Nf6 13. Bd3 Nbd7 14.
O-O O-O 15. Re1 Re8 16. e4 e5 17. dxe5 Ng4 18. Bc2 Ngxe5 19. Ba4 Bc6 20.
Bxc6 Nxc6 21. Qd5 Qc7 22. e5 Nf8 23. Ng5 Rad8 24. Qb5 h6 25. Ne4 Nxe5 26.
Ng3 Nc6 27. Nf5 Ne6 28. Re3 Rd2 29. Bxg7 Nxg7 30. Rxe8+ Nxe8 31. Qxc6 Qxc6
32. Ne7+ Kf8 33. Nxc6 b3 34. Nxa5 b2 35. Rb1 Rc2 36. Nb3 Nd6 0-1

[Event "Aeroflot Open"]
[Site "Moscow RUS"]
[Date "2002.02.09"]
[Round "7"]
[White "Korotylev,A"]
[Black "Postny,E"]
[Result "1-0"]
[WhiteElo "2564"]
[BlackElo "2491"]
[EventDate "2002.02.04"]

1. e4 e5 2. Nf3 Nc6 3. Bb5 a6 4. Ba4 Nf6 5. O-O Be7 6. Re1 b5 7. Bb3 d6 8.
c3 O-O 9. h3 Na5 10. Bc2 c5 11. d4 Qc7 12. Nbd2 cxd4 13. cxd4 Bd7 14. Nf1
Rac8 15. Ne3 Nc6 16. d5 Nb4 17. Bb1 a5 18. Bd2 Na6 19. Nh2 Nc5 20. Qf3 Qa7
21. Bc2 Bd8 22. Nhf1 Ne8 23. Nf5 Bxf5 24. Qxf5 Qa6 25. Rac1 Nf6 26. Ng3 g6
27. Qf3 Nfd7 28. Bh6 Re8 29. Bd3 Bf6 30. Bf1 Qb7 31. Rc2 Ra8 32. Qg4 Qb6
33. h4 Bg7 34. Be3 Rec8 35. h5 Qb7 36. Rec1 Rab8 37. Be2 b4 38. b3 Nf6 39.
Qh4 a4 40. Bg4 Nxg4 41. Qxg4 axb3 42. axb3 Qb5 43. Rc4 Bf8 44. hxg6 hxg6
45. Nf5 Re8 46. Nxd6 Bxd6 47. Bxc5 Bxc5 48. Rxc5 Qd3 49. Rc7 Rf8 50. R1c6
Kh8 51. Rxg6 1-0

[Event "Aeroflot Open"]
[Site "Moscow RUS"]
[Date "2002.02.09"]
[Round "7"]
[White "Shabanov,Y"]
[Black "Shchekachev,A"]
[Result "0-1"]
[WhiteElo "2463"]
[BlackElo "2573"]
[EventDate "2002.02.04"]

1. e4 c5 2. Nf3 d6 3. Bb5+ Nd7 4. c3 Ngf6 5. d3 g6 6. O-O Bg7 7. Re1 a6 8.
Ba4 b5 9. Bc2 O-O 10. Nbd2 e5 11. a4 Bb7 12. b4 Qc7 13. Nb3 cxb4 14. cxb4
Rac8 15. Bb1 d5 16. axb5 axb5 17. Bd2 Rfd8 18. Qe2 Qd6 19. Rc1 Rxc1+ 20.
Nxc1 Nb6 21. Ra7 Bc8 22. h3 h6 23. Nb3 dxe4 24. dxe4 Nc4 25. Be1 Nh5 26.
Nc5 Nf4 27. Qc2 Qb6 28. Ra8 Bf8 29. Nb3 Nd3 30. Bc3 Nxb4 31. Qc1 Nc6 32.
Nbd2 Qb7 33. Ra1 Nd4 34. Bxd4 exd4 35. Nxc4 bxc4 36. Qxc4 Qb2 37. Qa2 Qc1+
38. Kh2 Qf4+ 39. Kg1 d3 40. Qa5 Qc1+ 41. Kh2 Bd6+ 42. e5 Bc7 43. Qa4 Qb2
44. Ba2 Bxe5+ 45. Nxe5 Qxe5+ 46. f4 Qf6 47. Rd1 Bb7 48. Qb4 Ba8 49. Bb1 Rd4
50. Qb8+ Rd8 51. Qb4 Qc6 52. Rd2 Qe4 53. Qxe4 Bxe4 54. Kg3 Rb8 55. Ba2 Rc8
56. Bb3 Kg7 57. Kf2 Rc2 58. Ke3 Rxd2 59. Kxd2 Bxg2 60. h4 Be4 61. Ke3 Bf5
62. Bc4 0-1

[Event "Aeroflot Open"]
[Site "Moscow RUS"]
[Date "2002.02.09"]
[Round "7"]
[White "Balashov,Y"]
[Black "Zubarev,A1"]
[Result "1-0"]
[WhiteElo "2545"]
[BlackElo "2480"]
[EventDate "2002.02.04"]

1. c4 c5 2. b3 Nc6 3. Bb2 e5 4. g3 g6 5. Bg2 Nge7 6. Nc3 Bg7 7. e3 O-O 8.
d3 d6 9. Nge2 Be6 10. Nd5 Qd7 11. h4 h6 12. Qd2 Rab8 13. h5 g5 14. f4 Bxd5
15. cxd5 Nb4 16. fxg5 Qb5 17. Nc1 f5 18. e4 f4 19. a3 Na6 20. gxf4 Rxf4 21.
Ne2 Rg4 22. Bh3 Rxg5 23. Qc2 Qe8 24. Bc1 Bf6 25. Bxg5 Bxg5 26. Ng3 Nc7 27.
Qe2 Nb5 28. O-O Nd4 29. Be6+ Kh8 30. Qg4 Qb5 31. Kh1 Nc2 32. Rf7 Ne3 33.
Qf3 Qxd3 34. Rf1 1-0

[Event "Aeroflot Open"]
[Site "Moscow RUS"]
[Date "2002.02.09"]
[Round "7"]
[White "Chernikov,O"]
[Black "Galliamova,A"]
[Result "1/2-1/2"]
[WhiteElo "2460"]
[BlackElo "2514"]
[EventDate "2002.02.04"]

1. d4 d5 2. c4 e6 3. Nc3 c6 4. e4 dxe4 5. Nxe4 Bb4+ 6. Nc3 c5 7. a3 Ba5 8.
Be3 Ne7 9. Rc1 cxd4 10. Qxd4 Qxd4 11. Bxd4 Nf5 12. Bc5 Nd7 13. Bb4 Bxb4 14.
axb4 Ne5 15. Be2 Nd4 16. f4 Ng6 17. g3 e5 18. Nd5 O-O 19. Nf3 Nxe2 20. Kxe2
exf4 21. Nxf4 Bg4 22. Kf2 Rad8 23. Nd5 f5 24. Rhf1 a6 25. Rfe1 f4 26. gxf4
Nxf4 27. Nxf4 Rxf4 28. Kg3 Rxf3+ 29. Kxg4 1/2-1/2

[Event "Aeroflot Open"]
[Site "Moscow RUS"]
[Date "2002.02.09"]
[Round "7"]
[White "Inarkiev,E"]
[Black "Bar,R"]
[Result "1/2-1/2"]
[WhiteElo "2500"]
[BlackElo "2418"]
[EventDate "2002.02.04"]

1. Nf3 Nf6 2. g3 b6 3. Bg2 Bb7 4. O-O c5 5. c4 e6 6. b3 Be7 7. Bb2 O-O 8.
Nc3 d5 9. cxd5 Nxd5 10. Nxd5 Qxd5 11. e4 Qd8 12. Qc2 Nc6 13. Qc3 Bf6 14. e5
Be7 15. Rfd1 Rc8 16. a3 Qd7 17. Qe3 Rfd8 18. d4 cxd4 19. Qf4 d3 20. b4 Ba6
21. Rd2 h6 22. h4 Bf8 23. Rad1 Bb5 24. Bf1 a5 1/2-1/2

[Event "Aeroflot Open"]
[Site "Moscow RUS"]
[Date "2002.02.09"]
[Round "7"]
[White "Akhmetov,A"]
[Black "Kim,A"]
[Result "1-0"]
[WhiteElo "2482"]
[BlackElo "2414"]
[EventDate "2002.02.04"]

1. d4 f5 2. g3 Nf6 3. Bg2 g6 4. Nf3 Bg7 5. O-O O-O 6. b4 c6 7. Bb2 d5 8.
Nbd2 e6 9. c4 a5 10. bxa5 Rxa5 11. a4 Ra8 12. Qc2 Ne4 13. e3 Nd7 14. Rfe1
g5 15. Ne5 Nxe5 16. dxe5 g4 17. Red1 Qg5 18. a5 h5 19. Ra3 Qh6 20. a6 Rxa6
21. Rxa6 bxa6 22. Ba3 Rf7 23. Nxe4 fxe4 24. Bxe4 Bb7 25. Bg6 Rd7 26. Bd6 h4
27. Rb1 hxg3 28. hxg3 Bf8 29. c5 a5 30. Bd3 Qh5 31. Qa4 Bxd6 32. exd6 e5
33. Qxa5 Kg7 34. Qa7 Qf7 35. Qb8 Kf6 36. Rb4 e4 37. Be2 Kg5 38. Qh8 Qg7 39.
Qh4+ Kf5 40. Qh5+ Kf6 41. Bxg4 1-0

[Event "Aeroflot Open"]
[Site "Moscow RUS"]
[Date "2002.02.09"]
[Round "7"]
[White "Shinkevich,V"]
[Black "Mirovshchikov,S"]
[Result "1-0"]
[WhiteElo "2480"]
[BlackElo "2402"]
[EventDate "2002.02.04"]

1. d4 d5 2. c4 dxc4 3. Nf3 Nf6 4. Nc3 c5 5. d5 e6 6. e4 exd5 7. e5 d4 8.
exf6 dxc3 9. Qxd8+ Kxd8 10. Ng5 Be6 11. Nxe6+ fxe6 12. Bg5 Ke8 13. O-O-O
cxb2+ 14. Kb1 h6 15. Rd8+ Kf7 16. Bh4 gxf6 17. Bxc4 Bg7 18. Rhd1 Re8 19.
Rxe8 Kxe8 20. Bxe6 a5 21. Bg3 a4 22. Kxb2 f5+ 23. Kc1 Nc6 24. Rd7 Nd4 25.
Rxg7 Nxe6 26. Rxb7 Ra6 27. Be5 Nd8 28. Rc7 Rc6 29. Rxc6 Nxc6 30. Bd6 Nb4
31. Kd2 Na6 32. Kc3 Kd7 33. Bf8 h5 34. Kc4 Kc6 35. a3 Kb6 36. g3 Kc6 37. h3
Kb6 38. f3 Kc6 39. g4 fxg4 40. fxg4 hxg4 41. hxg4 Nc7 42. Bxc5 Ne6 43. Be3
Nf8 44. Kb4 Kb7 45. Kxa4 Ka6 46. Kb4 Ng6 47. Bd4 Nf4 48. a4 Ne6 49. Be3 Nf8
50. Bd2 Ne6 51. Kc4 Nf8 52. Kd5 Ng6 53. Ke4 Kb6 54. Be1 Kc6 55. Kf5 Ne7+
56. Ke6 Ng6 57. Bg3 Nf8+ 58. Kf7 Nh7 59. Bf4 1-0

[Event "Aeroflot Open"]
[Site "Moscow RUS"]
[Date "2002.02.09"]
[Round "7"]
[White "Janssen,R"]
[Black "Zilberman,Y"]
[Result "1-0"]
[WhiteElo "2476"]
[BlackElo "2466"]
[EventDate "2002.02.04"]

1. d4 d5 2. Nf3 Nf6 3. c4 dxc4 4. e3 Bg4 5. Bxc4 e6 6. h3 Bh5 7. Nc3 a6 8.
Be2 Nc6 9. O-O Bd6 10. Nd2 Bxe2 11. Qxe2 O-O 12. Nb3 Re8 13. f4 Bf8 14. Rd1
Na7 15. e4 c6 16. Qf3 Qc7 17. Be3 Nd7 18. Rac1 Nb5 19. Na4 Qb8 20. Bf2 Bd6
21. e5 Be7 22. Nbc5 Nxc5 23. dxc5 Qa7 24. f5 exf5 25. Qxf5 Rad8 26. e6 Rf8
27. exf7+ Rxf7 28. Rxd8+ Bxd8 29. Qc8 Rf8 30. Re1 h6 31. Bg3 Bf6 32. Re8
Bd4+ 33. Kh1 Bxc5 34. Bb8 1-0

[Event "Aeroflot Open"]
[Site "Moscow RUS"]
[Date "2002.02.09"]
[Round "7"]
[White "Obodchuk,A"]
[Black "Isaev,J"]
[Result "1-0"]
[WhiteElo "2438"]
[BlackElo "2455"]
[EventDate "2002.02.04"]

1. d4 g6 2. e4 Bg7 3. Nc3 c6 4. Nf3 d6 5. Be3 Nf6 6. h3 O-O 7. a4 e5 8.
dxe5 dxe5 9. Qxd8 Rxd8 10. Bc4 Be6 11. Bxe6 fxe6 12. Ng5 Re8 13. O-O-O Bf8
14. Nf3 Nbd7 15. Bg5 Bg7 16. Rhe1 Rad8 17. Rd6 Bf8 18. Rd3 Be7 19. Red1 Nc5
20. Rxd8 Rxd8 21. Rxd8+ Bxd8 22. Nxe5 Kg7 23. Nd3 Bb6 24. f3 Nfd7 25. Nxc5
Nxc5 26. b3 e5 27. Ne2 Ne6 28. Bd2 Kf6 29. Kd1 Bf2 30. Nc1 g5 31. Nd3 Bd4
32. g3 a6 33. c3 Bg1 34. Ke2 Bb6 35. Bc1 h5 36. Ba3 Bc7 37. Kf2 Bb6+ 38.
Kg2 Ba5 39. Bb2 Bb6 40. Bc1 Bc7 41. Be3 Ba5 42. b4 Bc7 43. a5 Bd6 44. c4
Bc7 45. Bd2 c5 46. bxc5 Nd4 47. Bc3 Nc6 48. f4 gxf4 49. gxf4 Bxa5 50. Bxe5+
Nxe5 51. Nxe5 Bc3 52. Nd7+ Ke6 53. c6 bxc6 54. Nc5+ Kd6 55. Nxa6 c5 56. e5+
Kc6 57. Kf3 Kb6 58. Ke4 Kxa6 59. Kd5 Kb7 60. Kxc5 Kc7 61. Kd5 Kd7 62. f5
Ke7 63. c5 Ba5 64. Kc6 Bc3 65. e6 Bd4 66. Kb5 Be3 67. c6 Kd6 68. f6 Kxe6
69. f7 Bh6 70. Kb6 Kxf7 71. c7 h4 72. c8=Q Bg5 73. Kc6 Be7 74. Kd5 Bf6 75.
Qe6+ Kg7 76. Qe4 1-0

[Event "Aeroflot Open"]
[Site "Moscow RUS"]
[Date "2002.02.09"]
[Round "7"]
[White "Erenburg,S"]
[Black "Meshkov,Y"]
[Result "1/2-1/2"]
[WhiteElo "2436"]
[BlackElo "2407"]
[EventDate "2002.02.04"]

1. e4 e5 2. Nf3 Nc6 3. Bb5 Nge7 4. O-O g6 5. c3 Bg7 6. d4 exd4 7. cxd4 d5
8. exd5 Nxd5 9. Re1+ Be6 10. Bxc6+ bxc6 11. Bg5 Qd6 12. Nbd2 O-O 13. Ne4
Qb4 14. Qc2 h5 15. Bd2 Qb6 16. Nc5 Bf5 17. Qc1 Kh7 18. Ne5 Rad8 19. b3 g5
20. Qa3 Nf4 21. Bc3 Nd5 22. Bd2 Nf4 23. Be3 Nd5 24. Bd2 Nf4 25. Bxf4 gxf4
26. Rad1 Rfe8 27. Qc1 Bxe5 28. dxe5 Rxd1 29. Rxd1 Rxe5 30. Qc4 Kg6 31. b4
Rd5 32. Re1 Qb5 33. Qc3 Qb8 34. h3 Qd8 35. Qf3 Qd6 36. a3 Rd4 37. Kh2 Qd5
38. Qe2 Rd2 39. Qe8 Rxf2 40. Qg8+ Kf6 41. Qh8+ Kg6 42. Qg8+ Kf6 43. Qh8+
1/2-1/2

[Event "Aeroflot Open"]
[Site "Moscow RUS"]
[Date "2002.02.09"]
[Round "8"]
[White "Vescovi,G"]
[Black "Aleksandrov,A"]
[Result "1/2-1/2"]
[WhiteElo "2590"]
[BlackElo "2645"]
[EventDate "2002.02.04"]

1. e4 e5 2. Nf3 Nc6 3. Bb5 Nf6 4. O-O Nxe4 5. d4 Nd6 6. Bxc6 dxc6 7. dxe5
Nf5 8. Qxd8+ Kxd8 9. Nc3 Ke8 10. h3 a5 11. Bf4 Be7 12. Ne4 Be6 13. g4 Nh4
14. Nxh4 Bxh4 15. Bg5 Bxg5 16. Nxg5 Bd5 17. Rfe1 Ke7 18. b3 h6 19. Ne4 Bxe4
20. Rxe4 Rhd8 21. Rae1 Rd2 22. e6 f6 23. f4 g6 24. R1e2 Rxe2 25. Rxe2 f5
26. gxf5 gxf5 27. Kf2 a4 28. Kg3 axb3 29. axb3 Rd8 30. Kh4 Rd4 31. Rf2 Kxe6
32. Kh5 Kf6 33. Kxh6 Rd8 34. Kh7 Rd7+ 35. Kh6 Rd8 36. Kh7 Rd1 37. Kh6 Rh1
38. Rf3 Rg1 39. h4 Rg8 40. Kh7 Rg7+ 41. Kh6 Rg8 1/2-1/2

[Event "Aeroflot Open"]
[Site "Moscow RUS"]
[Date "2002.02.09"]
[Round "8"]
[White "Tregubov,P"]
[Black "Vorobiov,E"]
[Result "1/2-1/2"]
[WhiteElo "2626"]
[BlackElo "2534"]
[EventDate "2002.02.04"]

1. d4 Nf6 2. c4 g6 3. g3 c6 4. Bg2 d5 5. Nf3 Bg7 6. O-O O-O 7. b3 a5 8. Nc3
Ne4 9. Bb2 Nxc3 10. Bxc3 Bf5 11. e3 Be4 12. Qe2 a4 13. c5 axb3 14. axb3 Nd7
15. b4 b6 16. Rxa8 Qxa8 17. Ra1 Qb7 18. cxb6 Qxb6 19. Bh3 Bxf3 20. Qxf3 e6
21. Qe2 Rb8 22. Ra6 Qc7 23. Qa2 Bf8 24. Qa4 Nb6 25. Qa5 Rb7 26. Bf1 Nc8 27.
Ra8 Nb6 28. Ra6 Nc8 29. Qxc7 Rxc7 30. Bd3 Nd6 31. Rb6 Be7 32. Ba6 h5 33.
Kf1 Bf6 34. Rb8+ Kg7 35. f3 Ra7 36. Rb6 Rc7 37. Ke2 Kf8 38. Kd3 Bd8 39. e4
Rc8 40. Bxc8 Bxb6 41. Bd7 Nb5 42. Bb2 Na7 43. b5 Nxb5 44. Bxc6 Nc7 45. Ba3+
Kg7 46. e5 Ba5 47. Be7 Na6 48. Ba4 Nb4+ 49. Ke3 Na2 50. h3 Bb4 51. Bd6 Ba5
52. g4 Nc3 53. Be8 Nd1+ 54. Ke2 Nc3+ 55. Kd3 Nd1 56. Ke2 Nc3+ 57. Kd3 Nd1
58. Ke2 1/2-1/2

[Event "Aeroflot Open"]
[Site "Moscow RUS"]
[Date "2002.02.09"]
[Round "8"]
[White "Kharlov,A"]
[Black "Nadanian,A"]
[Result "1-0"]
[WhiteElo "2638"]
[BlackElo "2407"]
[EventDate "2002.02.04"]

1. c4 e6 2. Nc3 d5 3. d4 c5 4. e3 Nf6 5. Nf3 Nc6 6. cxd5 exd5 7. Bb5 Bd6 8.
O-O O-O 9. h3 Re8 10. dxc5 Bxc5 11. b3 a6 12. Bxc6 bxc6 13. Bb2 Qd6 14. Na4
Ba7 15. Bd4 c5 16. Bxf6 Qxf6 17. Qxd5 Bf5 18. Rad1 Be4 19. Qg5 Qc6 20. Ne5
Qc7 21. Nc4 Re6 22. f3 Bc6 23. Nc3 Rae8 24. Nd5 Qb8 25. Qf4 Qb7 26. Nd6
Rxd6 27. Qxd6 h6 28. Rfe1 Re6 29. Qc7 1-0

[Event "Aeroflot Open"]
[Site "Moscow RUS"]
[Date "2002.02.09"]
[Round "8"]
[White "Sulskis,S"]
[Black "Tunik,G"]
[Result "1/2-1/2"]
[WhiteElo "2579"]
[BlackElo "2469"]
[EventDate "2002.02.04"]

1. e4 c5 2. Nf3 e6 3. d4 cxd4 4. Nxd4 Nc6 5. Nb5 d6 6. c4 Nf6 7. N1c3 a6 8.
Na3 Be7 9. Be2 b6 10. O-O Bb7 11. Be3 Nb8 12. f3 Nbd7 13. Qd2 Qc7 14. Rac1
Rc8 15. Rfd1 Qb8 16. Kh1 O-O 17. Bf1 Rfe8 18. Nab1 Bc6 19. Bf4 Ne5 20. a4
Bb7 21. b3 Nfd7 22. Qa2 Bd8 23. Bg3 Nf6 24. b4 Bc7 25. Na3 Ng6 26. a5 bxa5
27. b5 Nh5 28. Bf2 d5 29. cxd5 Bxh2 30. d6 Bxd6 31. bxa6 Ba8 32. a7 Qb4 33.
Nc2 Qxc3 34. Rxd6 Qe5 35. Rcd1 Ng3+ 36. Bxg3 Qxg3 37. Ne3 Rc5 38. Kg1 Qg5
39. Qd2 h6 40. Rd8 Rc8 41. Rxe8+ Rxe8 42. Nc4 Nf4 43. Qxa5 Qg3 44. Qe1 Nh3+
1/2-1/2

[Event "Aeroflot Open"]
[Site "Moscow RUS"]
[Date "2002.02.09"]
[Round "8"]
[White "Sargissian,G"]
[Black "Minasian,Art"]
[Result "1-0"]
[WhiteElo "2515"]
[BlackElo "2576"]
[EventDate "2002.02.04"]

1. Nf3 c5 2. e4 Nc6 3. d4 cxd4 4. Nxd4 Nf6 5. Nc3 e5 6. Ndb5 d6 7. Bg5 a6
8. Bxf6 gxf6 9. Na3 b5 10. Nd5 f5 11. g3 fxe4 12. Bg2 Bf5 13. c3 Bg7 14.
Nc2 O-O 15. Qe2 Rc8 16. O-O Ne7 17. Bxe4 Bxe4 18. Qxe4 Nxd5 19. Qxd5 Rc5
20. Qb7 d5 21. Rad1 d4 22. Nb4 Qc8 23. Qxc8 Rfxc8 24. cxd4 exd4 25. Nd3 Rc2
26. Rfe1 h5 27. Kf1 Kh7 28. Rc1 R2c4 29. Rcd1 Rc2 30. Re7 R8c7 31. Rxc7
Rxc7 32. Rc1 Rc4 33. Ke2 Kg6 34. Re1 Kf5 35. Kd1 Rc7 36. f3 Bf6 37. Re8 Rc6
1-0

[Event "Aeroflot Open"]
[Site "Moscow RUS"]
[Date "2002.02.09"]
[Round "8"]
[White "Yagupov,I"]
[Black "Psakhis,L"]
[Result "1/2-1/2"]
[WhiteElo "2466"]
[BlackElo "2572"]
[EventDate "2002.02.04"]

1. e4 e6 2. d4 d5 3. Nc3 Bb4 4. e5 Ne7 5. a3 Bxc3+ 6. bxc3 c5 7. h4 Qc7 8.
Nf3 b6 9. h5 h6 10. Bb5+ Bd7 11. Bd3 Ba4 12. Kf1 Nd7 13. Kg1 a6 14. Rb1 Bb5
15. Bxb5 axb5 16. Rxb5 O-O 17. Rh4 Rfc8 18. Rg4 Nf5 19. dxc5 Nxc5 20. Rgb4
Na4 21. Bd2 Nxc3 22. Bxc3 Qxc3 23. Rb3 Qc4 24. R5b4 Qc5 25. c3 Ra6 26. Qe2
Rca8 27. Qb2 Rb8 1/2-1/2

[Event "Aeroflot Open"]
[Site "Moscow RUS"]
[Date "2002.02.09"]
[Round "8"]
[White "Ovetchkin,R"]
[Black "Volkov,S"]
[Result "0-1"]
[WhiteElo "2483"]
[BlackElo "2567"]
[EventDate "2002.02.04"]

1. e4 e6 2. d4 d5 3. Nc3 Nf6 4. Bg5 Be7 5. e5 Nfd7 6. Bxe7 Qxe7 7. f4 O-O
8. Nf3 c5 9. dxc5 Nc6 10. Bd3 f5 11. exf6 Qxf6 12. g3 Nxc5 13. O-O 0-1

[Event "Aeroflot Open"]
[Site "Moscow RUS"]
[Date "2002.02.09"]
[Round "8"]
[White "Potkin,V"]
[Black "Najer,E"]
[Result "1/2-1/2"]
[WhiteElo "2481"]
[BlackElo "2599"]
[EventDate "2002.02.04"]

1. e4 c5 2. c3 d5 3. exd5 Qxd5 4. d4 Nf6 5. Nf3 Bg4 6. dxc5 Qxd1+ 7. Kxd1
e5 8. b4 e4 9. h3 Bh5 10. g4 Nxg4 11. hxg4 Bxg4 12. Nbd2 exf3 13. Bd3 Nc6
14. Re1+ Be7 15. Kc2 Kf8 16. Nc4 h5 17. Bf4 g5 18. Rxe7 Nxe7 19. Bxg5 h4
20. Nd6 Rh5 21. Bf4 b6 22. Be4 Nd5 23. Bh2 bxc5 24. Rd1 Nxc3 25. Kxc3 cxb4+
26. Kxb4 Rb8+ 27. Kc3 Rb6 28. Nc4 Re6 29. Kd4 Rb5 30. Bd6+ Kg8 31. Rg1 Rg5
32. Bxf3 Reg6 33. Be7 f6 34. Be4 Rh6 35. Bd5+ Kh7 36. Ne3 Bd7 37. Rxg5 fxg5
38. Bxg5 Rh5 39. Bf4 h3 40. Bh2 Kg7 41. f4 Kf6 42. Kc4 Rh8 43. a3 Re8 44.
Kd4 Rd8 45. Ke4 Re8+ 1/2-1/2

[Event "Aeroflot Open"]
[Site "Moscow RUS"]
[Date "2002.02.09"]
[Round "8"]
[White "Galkin,A"]
[Black "Vlassov,N"]
[Result "1-0"]
[WhiteElo "2570"]
[BlackElo "2454"]
[EventDate "2002.02.04"]

1. e4 d5 2. exd5 Nf6 3. d4 Bg4 4. Bb5+ Nbd7 5. f3 Bf5 6. c4 e6 7. dxe6 Bxe6
8. d5 Bf5 9. Be3 Bb4+ 10. Nc3 O-O 11. Nge2 Ne5 12. O-O a6 13. Bd4 axb5 14.
Bxe5 bxc4 15. Qd4 Bd3 16. Bxf6 Qxf6 17. Qxf6 gxf6 18. Rfd1 Bc5+ 19. Kh1 Be3
20. g3 Rfe8 21. Nf4 Bc2 22. Re1 Re5 23. Re2 Bd3 24. Nxd3 cxd3 25. Ree1 c5
26. dxc6 bxc6 27. Rad1 Rd8 28. Ne4 Rxe4 29. fxe4 Bh6 30. Rf1 Rd6 31. Rf5 d2
32. Kg2 Kf8 33. Kf2 Ke7 34. Rh5 f5 35. e5 Re6 36. Rxf5 c5 37. Rf6 Be3+ 38.
Kxe3 Rxe5+ 39. Kxd2 Kxf6 40. Rf1+ Kg6 41. a4 Re8 42. a5 Ra8 43. Ra1 Kf5 44.
Kc3 Kg4 45. a6 Kh3 46. Kc4 h5 47. Kxc5 Kxh2 48. Ra3 f5 49. a7 Rxa7 50. Rxa7
Kxg3 51. b4 f4 52. b5 1-0

[Event "Aeroflot Open"]
[Site "Moscow RUS"]
[Date "2002.02.09"]
[Round "8"]
[White "Sveshnikov,E"]
[Black "Riazantsev,A"]
[Result "0-1"]
[WhiteElo "2565"]
[BlackElo "2511"]
[EventDate "2002.02.04"]

1. e4 c6 2. d4 d5 3. exd5 cxd5 4. c4 Nf6 5. Nc3 e6 6. Nf3 Bb4 7. cxd5 Nxd5
8. Qc2 Nc6 9. Be2 O-O 10. O-O Be7 11. Rd1 Bf6 12. Qe4 Nce7 13. h4 Bd7 14.
Bd3 g6 15. h5 Bc6 16. Qg4 Nf5 17. Ne4 Bg7 18. hxg6 hxg6 19. Qh3 Re8 20.
Neg5 Nf6 21. Ne5 Re7 22. Bc4 Bd5 23. b3 Rc7 24. Be2 Rac8 25. Bf4 Nd6 26.
Nc4 Bxc4 27. bxc4 Rd7 28. d5 exd5 29. cxd5 Nde4 30. Rac1 Rxc1 31. Rxc1 Nxd5
32. Qh7+ Kf8 33. Nxe4 Nxf4 34. Bf3 Rc7 35. Rd1 Rd7 36. Rc1 Nd3 37. Rb1 Ne5
38. Be2 Rd4 39. f3 Rxe4 40. fxe4 Qd4+ 41. Kf1 Ng4 42. Qh4 Ne3+ 43. Kg1 Nf5+
44. Qf2 Qxe4 45. Qc5+ Kg8 46. Qc8+ Kh7 47. Rb3 Qxe2 48. Rh3+ Nh6 49. Qxb7
Bd4+ 0-1

[Event "Aeroflot Open"]
[Site "Moscow RUS"]
[Date "2002.02.09"]
[Round "8"]
[White "Pogorelov,R"]
[Black "Kulaots,K"]
[Result "1/2-1/2"]
[WhiteElo "2460"]
[BlackElo "2531"]
[EventDate "2002.02.04"]

1. Nf3 Nf6 2. c4 e6 3. Nc3 d5 4. d4 dxc4 5. e4 Bb4 6. Bg5 c5 7. Bxc4 cxd4
8. Nxd4 Qa5 9. Bd2 Qc5 10. Bb5+ Nbd7 11. Nb3 Qb6 12. Qe2 a6 13. Bd3 Ne5 14.
Bc2 Bd7 15. f4 Bxc3 16. Bxc3 Bb5 17. Qf2 Nd3+ 18. Bxd3 Qxf2+ 19. Kxf2 Bxd3
20. Bxf6 gxf6 21. Nc5 O-O-O 22. Rac1 Kb8 23. Ke3 Bb5 24. a4 Be8 25. Rc3 a5
26. b3 Bc6 27. Rhc1 f5 28. R1c2 fxe4 29. Nxe4 Rd1 30. Ng5 f6 31. Nxe6 Re1+
32. Re2 Rxe2+ 33. Kxe2 Bxg2 34. Rc5 Re8 35. Kf2 Be4 36. Ng7 Rd8 37. Rxa5
Rd3 38. Nh5 Rxb3 39. Nxf6 Rf3+ 40. Ke2 Rxf4 41. Nxe4 Rxe4+ 42. Kf3 1/2-1/2

[Event "Aeroflot Open"]
[Site "Moscow RUS"]
[Date "2002.02.09"]
[Round "8"]
[White "Lastin,A"]
[Black "Vokarev,S"]
[Result "1-0"]
[WhiteElo "2630"]
[BlackElo "2507"]
[EventDate "2002.02.04"]

1. e4 c5 2. Nf3 Nc6 3. d4 cxd4 4. Nxd4 g6 5. Nc3 Bg7 6. Be3 Nf6 7. Bc4 Qa5
8. O-O O-O 9. Bb3 d6 10. h3 Bd7 11. Re1 Rfe8 12. Qd2 Qh5 13. Nf3 Ne5 14.
Nxe5 Qxe5 15. Qd3 Bc6 16. Bd4 Qg5 17. Rad1 Nd7 18. Bxg7 Kxg7 19. Nd5 Bxd5
20. Bxd5 Qe5 21. c3 Nf6 22. Bxb7 Rab8 23. Qa6 e6 24. Qxa7 Qb5 25. Ba6 Qxb2
26. Bc4 Qxc3 27. Bxe6 Rf8 28. Bb3 Rbe8 29. Qd4 Qa5 30. Re3 1-0

[Event "Aeroflot Open"]
[Site "Moscow RUS"]
[Date "2002.02.09"]
[Round "8"]
[White "Mchedlishvili,M"]
[Black "Shipov,S"]
[Result "1/2-1/2"]
[WhiteElo "2527"]
[BlackElo "2630"]
[EventDate "2002.02.04"]

1. d4 Nf6 2. c4 g6 3. g3 Bg7 4. Bg2 d5 5. cxd5 Nxd5 6. e4 Nb6 7. Ne2 c5 8.
d5 e6 9. O-O O-O 10. Nec3 exd5 11. exd5 Bf5 12. Nd2 Na6 13. Nde4 h6 14. Bf4
g5 15. Bd6 Re8 16. Bxc5 Nc4 17. Bd4 Nxb2 18. Qd2 Nc4 19. Qd1 Nb2 20. Qd2
Nc4 21. Qd1 Nb2 1/2-1/2

[Event "Aeroflot Open"]
[Site "Moscow RUS"]
[Date "2002.02.09"]
[Round "8"]
[White "Podgaets,M"]
[Black "Filippov,V"]
[Result "1/2-1/2"]
[WhiteElo "2490"]
[BlackElo "2625"]
[EventDate "2002.02.04"]

1. d4 d5 2. c4 e6 3. Nf3 Nf6 4. Nc3 Bb4 5. Bg5 Nbd7 6. cxd5 exd5 7. Qc2 c5
8. dxc5 Qa5 9. Bd2 Nxc5 10. Rc1 Nce4 11. a3 Nxd2 12. Qxd2 Be7 13. e3 O-O
14. Bd3 Bg4 15. Nd4 1/2-1/2